000
00301nam a2200121Ia 4500
008
190216s9999||||xx |||||||||||||| ||und||
100
_a
Subrahmanyam.N
245
0
_a
International Relations
260
_b
Ennes Publications
_c
1993
300
_a
292p
650
_a
International Relations
942
_c
BK
999
_c
20737
_d
20737